| 000 | 00616nam a2200205Ia 4500 | ||
|---|---|---|---|
| 008 | 220107t1950||||xx |||||||||||||| ||und|| | ||
| 040 |
_aBoOrUTOFe _bEs _cUTO |
||
| 044 | _aES | ||
| 082 |
_aEco 330.9 _bC75 |
||
| 100 | _aConrad, J | ||
| 245 | 0 | _aHistoria de la economía | |
| 246 | _a Economic history | ||
| 260 |
_aBarcelona: _bBosch, _c1950 |
||
| 300 |
_a294p. _b. _c21cm |
||
| 500 | _aIncluye índice | ||
| 505 | _aLos primero tiempos de la edad moderna, el smitianismo en Alemania, el anarquismo, el nuevo orden mundial | ||
| 650 | _aEconomía-Historia | ||
| 655 | _aLibros de Texto | ||
| 942 |
_cLI _zFCEFA37 |
||
| 999 |
_c8553 _d8553 _x1 |
||